[Event "23rd European Teams"]
[Site "Terme Catez SLO"]
[Date "2021.11.13"]
[Round "2.9"]
[Board "3"]
[White "Ter-Sahakyan, Samvel"]
[Black "Hauge, Lars Oskar"]
[Result "1/2-1/2"]
[WhiteTitle "GM"]
[BlackTitle "IM"]
[WhiteElo "2615"]
[BlackElo "2490"]
[WhiteTeam "Armenia"]
[BlackTeam "Norway"]
[WhiteFideId "13302531"]
[BlackFideId "1509276"]
[EventDate "2021.11.12"]

1. e4 c5 2. Nf3 d6 3. d4 cxd4 4. Nxd4 Nf6 5. Nc3 g6 6. Be3 Bg7 7. f3 O-O 8. Qd2
Nc6 9. O-O-O d5 10. exd5 Nxd5 11. Nxc6 bxc6 12. Bd4 e5 13. Bc5 Re8 14. Ne4 Qc7
15. h4 f5 16. Nd6 Rd8 17. Nxc8 Raxc8 18. h5 Nb6 19. Bxb6 Rxd2 20. Bc4+ Kf8 21.
Bxc7 Rxd1+ 22. Rxd1 Bh6+ 23. Kb1 Rxc7 24. hxg6 hxg6 25. Rd6 Kg7 26. Re6 Bg5 27.
a4 Bf6 28. Ka2 c5 29. a5 Re7 30. Rc6 e4 31. fxe4 fxe4 32. Rxc5 e3 33. Be2 Rd7
34. Rc6 Rd2 35. Bd3 Rxg2 36. Kb3 e2 37. Re6 Rg5 38. Rxe2 Rxa5 39. c3 Re5 40. Rh2
Rh5 41. Rg2 Rg5 42. Rd2 Re5 43. Kc4 g5 44. Rh2 g4 45. Rh7+ Kf8 46. Rxa7 Re1 47.
Bg6 Be7 48. b4 g3 49. Ra2 Bf6 50. Rg2 Re3 51. Bd3 Ke7 52. Rc2 Kd6 53. Ra2 Kc7
54. Ra8 Re7 55. Ra2 Re3 56. Ra8 Re7 57. Rg8 Rg7 58. Rxg7+ Bxg7 59. Be4 Kb6 60.
Kb3 Bf8 61. Bg2 Be7 62. c4 Bd6 63. c5+ Bxc5 64. bxc5+ Kxc5 1/2-1/2

[Event "23rd European Teams"]
[Site "Terme Catez SLO"]
[Date "2021.11.13"]
[Round "2.11"]
[Board "1"]
[White "Jobava, Baadur"]
[Black "Adams, Michael"]
[Result "1-0"]
[WhiteTitle "GM"]
[BlackTitle "GM"]
[WhiteElo "2582"]
[BlackElo "2714"]
[WhiteTeam "Georgia"]
[BlackTeam "England"]
[WhiteFideId "13601520"]
[BlackFideId "400041"]
[EventDate "2021.11.12"]

1. e4 e5 2. Nf3 Nc6 3. Bc4 Bc5 4. c3 Nf6 5. d4 exd4 6. e5 d5 7. Be2 Ne4 8. cxd4
Bb4+ 9. Bd2 Bxd2+ 10. Nbxd2 O-O 11. O-O Bf5 12. Rc1 Qe7 13. Nb3 f6 14. Re1 Kh8
15. Bb5 Nd8 16. exf6 Qxf6 17. Ne5 c6 18. Bf1 Nf7 19. f3 Ned6 20. Rc3 Rae8 21.
Rce3 Qd8 22. Qc1 Kg8 23. Qc5 Nc8 24. a3 h5 25. Qb4 Qb6 26. Qc3 Nxe5 27. dxe5 Ne7
28. e6 Rf6 29. Nc5 Rh6 30. b4 Qc7 31. Re5 Rf6 32. Bd3 Bxd3 33. Qxd3 Ng6 34. Rxh5
b6 35. Nd7 Rfxe6 36. Nf6+ gxf6 37. Rxe6 Rxe6 38. Qxg6+ Qg7 39. Qf5 Re1+ 40. Kf2
Re2+ 41. Kxe2 Qxg2+ 42. Kd3 Qf1+ 43. Kc3 1-0

[Event "23rd European Teams"]
[Site "Terme Catez SLO"]
[Date "2021.11.13"]
[Round "2.11"]
[Board "2"]
[White "McShane, Luke J"]
[Black "Sanikidze, Tornike"]
[Result "1/2-1/2"]
[WhiteTitle "GM"]
[BlackTitle "GM"]
[WhiteElo "2667"]
[BlackElo "2458"]
[WhiteTeam "England"]
[BlackTeam "Georgia"]
[WhiteFideId "404853"]
[BlackFideId "13602608"]
[EventDate "2021.11.12"]

1. e4 e5 2. Nf3 Nc6 3. d4 exd4 4. Nxd4 Bc5 5. Nxc6 Qf6 6. Qf3 Qxf3 7. gxf3 bxc6
8. Nc3 Ne7 9. h4 h5 10. Be3 Bxe3 11. fxe3 d6 12. Bd3 a5 13. O-O-O Ba6 14. Rdg1
g6 15. Rg5 Bxd3 16. cxd3 f6 17. Rg2 Kf7 18. d4 a4 19. Ne2 Ra5 20. Nf4 Rg8 21.
Nd3 Rh8 22. Rhg1 Rg8 23. Rh2 Rh8 24. Kd2 Rb5 25. Rc1 Ra8 26. Rc3 Rab8 27. Rc4
Ra5 28. Kc3 Ke6 29. Kc2 Kd7 30. Rc3 Rh8 31. Nf4 g5 32. hxg5 Rxg5 33. Kd3 h4 34.
Rc1 Rg3 35. Rf1 Ng6 36. Ne2 Rg5 37. f4 Rg4 38. Rg1 Rxg1 39. Nxg1 d5 40. Nf3 Rb8
41. e5 Ke6 42. Nxh4 Nxh4 43. Rxh4 Rxb2 44. Rh6 Rxa2 45. Rxf6+ Kd7 46. Rf7+ Kd8
47. Rf8+ Ke7 48. Ra8 a3 49. Ra7 Kd7 50. f5 Rf2 51. f6 a2 52. Ra6 Ke8 53. Kc3 Kf7
54. Kb3 c5 55. dxc5 Rf5 56. Kc3 Rxe5 57. Kd4 Re6 58. Ra7 Kxf6 59. Kxd5 Rxe3 60.
Rxa2 Re6 61. Ra7 c6+ 62. Kd4 Re1 63. Rc7 Re6 64. Kc3 Re5 65. Kd4 Re1 66. Rxc6+
Ke7 67. Rc7+ Kd8 68. Ra7 Rh1 69. Kc4 Kc8 70. Re7 Rg1 71. Kb5 Rg6 72. Ra7 Kb8 73.
Rd7 Kc8 74. Rh7 Kb8 75. Kc4 Kc8 76. Kd5 Rg5+ 77. Kc4 Rg6 78. Re7 Rg4+ 79. Kb5
Rg6 80. Rh7 Kb8 81. Rd7 Kc8 82. Rd6 Rxd6 83. cxd6 Kd7 84. Kc5 Kd8 85. Kc6 Kc8
86. d7+ Kd8 87. Kd6 1/2-1/2

[Event "23rd European Teams"]
[Site "Terme Catez SLO"]
[Date "2021.11.13"]
[Round "2.11"]
[Board "3"]
[White "Paichadze, Luka"]
[Black "Jones, Gawain C B"]
[Result "1/2-1/2"]
[WhiteTitle "GM"]
[BlackTitle "GM"]
[WhiteElo "2551"]
[BlackElo "2654"]
[WhiteTeam "Georgia"]
[BlackTeam "England"]
[WhiteFideId "13602934"]
[BlackFideId "409561"]
[EventDate "2021.11.12"]

1. e4 e5 2. Nc3 Nf6 3. Bc4 Nc6 4. d3 Bc5 5. Nf3 d6 6. h3 Na5 7. a3 Nxc4 8. dxc4
Be6 9. b4 Bb6 10. Qd3 a5 11. Rb1 axb4 12. axb4 c6 13. O-O h6 14. Rd1 O-O 15. Be3
Bxe3 16. Qxe3 Bxc4 17. Nxe5 Be6 18. Nf3 Ra3 19. Rd3 Bc4 20. Rd4 b5 21. Qd2 Qe7
22. Re1 c5 23. Rxd6 cxb4 24. Nb1 Nxe4 25. Nxa3 bxa3 26. Ra6 Nxd2 27. Rxe7 Nxf3+
28. gxf3 a2 29. Rea7 Bd5 30. Ra5 Rb8 31. Kg2 g5 32. Kg3 Kg7 33. f4 Kg6 34. R5a6+
Kf5 35. fxg5 hxg5 36. Rxa2 Bxa2 37. Rxa2 Re8 38. Ra7 f6 39. Rc7 Re5 40. c4 bxc4 1/2-1/2

[Event "23rd European Teams"]
[Site "Terme Catez SLO"]
[Date "2021.11.13"]
[Round "2.11"]
[Board "4"]
[White "Howell, David W L"]
[Black "Quparadze, Giga"]
[Result "1-0"]
[WhiteTitle "GM"]
[BlackTitle "GM"]
[WhiteElo "2648"]
[BlackElo "2475"]
[WhiteTeam "England"]
[BlackTeam "Georgia"]
[WhiteFideId "410608"]
[BlackFideId "13602250"]
[EventDate "2021.11.12"]

1. d4 Nf6 2. c4 e6 3. Nc3 Bb4 4. Qc2 O-O 5. e4 d5 6. e5 Ne4 7. Bd3 c5 8. Nf3
cxd4 9. Nxd4 Nd7 10. Bf4 Qh4 11. g3 Qh5 12. O-O Bxc3 13. bxc3 g5 14. Be3 Nxe5
15. cxd5 exd5 16. f3 Nxd3 17. Qxd3 Nd6 18. g4 Qg6 19. Qxg6+ fxg6 20. Bxg5 Re8
21. Bf4 Rd8 22. Rfe1 Nf7 23. Re7 Kf8 24. Rc7 Re8 25. a4 Re7 26. Nb5 Be6 27. Rxe7
Kxe7 28. Re1 Nd8 29. Bg5+ Kd7 30. Nd4 1-0

[Event "23rd European Teams"]
[Site "Terme Catez SLO"]
[Date "2021.11.13"]
[Round "2.12"]
[Board "1"]
[White "Dardha, Daniel"]
[Black "Mastrovasilis, Dimitrios"]
[Result "0-1"]
[WhiteTitle "IM"]
[BlackTitle "GM"]
[WhiteElo "2525"]
[BlackElo "2619"]
[WhiteTeam "Belgium"]
[BlackTeam "Greece"]
[WhiteFideId "240990"]
[BlackFideId "4202694"]
[EventDate "2021.11.12"]

1. d4 d5 2. c4 e6 3. Nc3 Nf6 4. Nf3 c5 5. cxd5 Nxd5 6. e3 cxd4 7. exd4 Nxc3 8.
bxc3 Qc7 9. Rb1 Bd6 10. Bd3 Qxc3+ 11. Kf1 Nd7 12. h4 Qc7 13. Ng5 Nf6 14. h5 h6
15. Ne4 Nxe4 16. Bxe4 f5 17. Bf3 O-O 18. Qb3 Bd7 19. g3 Bc6 20. d5 Bxd5 21. Bxd5
exd5 22. Qxd5+ Rf7 23. Rh4 Rd8 24. Rc4 Qe7 25. Qf3 Qe6 26. Rc2 b6 27. Re2 Qc4
28. Kg2 f4 29. g4 Bf8 30. Kh2 Rd1 31. g5 hxg5 32. h6 gxh6 33. Qh5 f3 34. Re8
Rh1+ 0-1

[Event "23rd European Teams"]
[Site "Terme Catez SLO"]
[Date "2021.11.13"]
[Round "2.13"]
[Board "1"]
[White "Vocaturo, Daniele"]
[Black "Laurusas, Tomas"]
[Result "1/2-1/2"]
[WhiteTitle "GM"]
[BlackTitle "IM"]
[WhiteElo "2632"]
[BlackElo "2553"]
[WhiteTeam "Italy"]
[BlackTeam "Lithuania"]
[WhiteFideId "813192"]
[BlackFideId "12803731"]
[EventDate "2021.11.12"]

1. e4 e5 2. Nf3 Nf6 3. Nxe5 d6 4. Nf3 Nxe4 5. d4 d5 6. Bd3 Be7 7. O-O O-O 8. Re1
Bf5 9. Nbd2 Nd6 10. Nf1 Nd7 11. Bf4 Bxd3 12. Qxd3 Re8 13. Re2 c6 14. Rae1 Nf6
15. Ng3 Bf8 16. Rxe8 Ndxe8 17. h4 Qa5 18. a3 Qb5 19. Qc3 Nd6 20. Bxd6 Bxd6 21.
Nf5 Ne4 22. Nxd6 Nxd6 23. Nd2 Re8 24. Rxe8+ Nxe8 25. Qe3 Kf8 26. b3 Qa5 27. a4
Qd8 28. Nf3 Qe7 29. Qf4 Nd6 30. Kf1 Ke8 1/2-1/2

[Event "23rd European Teams"]
[Site "Terme Catez SLO"]
[Date "2021.11.13"]
[Round "2.13"]
[Board "2"]
[White "Kazakouski, Valery"]
[Black "Moroni, Luca Jr"]
[Result "1/2-1/2"]
[WhiteTitle "IM"]
[BlackTitle "GM"]
[WhiteElo "2490"]
[BlackElo "2580"]
[WhiteTeam "Lithuania"]
[BlackTeam "Italy"]
[WhiteFideId "13507443"]
[BlackFideId "865834"]
[EventDate "2021.11.12"]

1. d4 Nf6 2. c4 g6 3. g3 c6 4. Bg2 d5 5. Qa4 Nfd7 6. cxd5 Nb6 7. Qd1 cxd5 8. e3
Nc6 9. Ne2 Bg4 10. Nbc3 Bxe2 11. Nxe2 Rc8 12. Nf4 e6 13. O-O Bd6 14. e4 dxe4 15.
Bxe4 O-O 16. d5 exd5 17. Nxd5 Nxd5 18. Qxd5 Be5 19. Bh6 Re8 20. Qxd8 Nxd8 21.
Rae1 Bg7 22. Bf5 Ne6 23. Bxe6 Rxe6 24. Bxg7 Kxg7 25. Rxe6 fxe6 26. Rd1 Rc7 27.
Kg2 Kf6 28. Rd2 h5 29. h4 b6 30. Kf3 Kf5 1/2-1/2

[Event "23rd European Teams"]
[Site "Terme Catez SLO"]
[Date "2021.11.13"]
[Round "2.13"]
[Board "3"]
[White "Valsecchi, Alessio"]
[Black "Klabis, Rokas"]
[Result "1-0"]
[WhiteTitle "GM"]
[BlackTitle "FM"]
[WhiteElo "2527"]
[BlackElo "2353"]
[WhiteTeam "Italy"]
[BlackTeam "Lithuania"]
[WhiteFideId "818860"]
[BlackFideId "12805246"]
[EventDate "2021.11.12"]

1. d4 Nf6 2. c4 e6 3. Nc3 Bb4 4. e3 O-O 5. Bd3 d5 6. cxd5 exd5 7. Ne2 Re8 8. Bd2
b6 9. Rc1 Bf8 10. O-O Bb7 11. Nf4 Nbd7 12. f3 c5 13. g4 h6 14. Rf2 a6 15. h4 Bd6
16. Nce2 Nf8 17. Rg2 N6h7 18. Qe1 Ne6 19. Qf2 Nhf8 20. Nxe6 Nxe6 21. f4 Rc8 22.
f5 Nf8 23. g5 hxg5 24. hxg5 cxd4 25. exd4 Rxc1+ 26. Bxc1 Bc8 27. Qh4 Bd7 28. f6
Ng6 29. Bxg6 fxg6 30. Rf2 Bf5 31. fxg7 Qe7 32. Qh8+ Kf7 33. Rxf5+ gxf5 34. g6+
Kxg6 35. g8=Q+ Rxg8 36. Qxg8+ Kh5 37. Bf4 1-0

[Event "23rd European Teams"]
[Site "Terme Catez SLO"]
[Date "2021.11.13"]
[Round "2.16"]
[Board "1"]
[White "Subelj, Jan"]
[Black "Bogner, Sebastian"]
[Result "1/2-1/2"]
[WhiteTitle "IM"]
[BlackTitle "GM"]
[WhiteElo "2458"]
[BlackElo "2574"]
[WhiteTeam "Slovenia 2"]
[BlackTeam "Switzerland"]
[WhiteFideId "14618583"]
[BlackFideId "4692055"]
[EventDate "2021.11.12"]

1. e4 c6 2. Nf3 d5 3. d3 g6 4. Nbd2 Bg7 5. d4 c5 6. Bb5+ Bd7 7. Bxd7+ Nxd7 8.
dxc5 Nxc5 9. Qe2 Nxe4 10. Nxe4 dxe4 11. Qxe4 Qa5+ 12. c3 Qa6 13. Qe2 Qxe2+ 14.
Kxe2 Nf6 15. Rd1 O-O 16. Be3 Rfc8 17. a4 e6 18. a5 Nd5 19. Bd4 Rc7 20. a6 b5 21.
Ra5 Rb8 22. Bxg7 Kxg7 23. Nd4 Rc5 24. Nc2 Rc6 25. Rd4 Rbb6 26. Nb4 Nxb4 27. Rxb4
Rc5 28. Rd4 Rcc6 29. Rb4 Rc5 30. Rd4 Rcc6 31. Rb4 1/2-1/2

[Event "23rd European Teams"]
[Site "Terme Catez SLO"]
[Date "2021.11.13"]
[Round "2.16"]
[Board "4"]
[White "Baenziger, Fabian"]
[Black "Stevanic, David"]
[Result "1-0"]
[WhiteTitle "IM"]
[BlackTitle "FM"]
[WhiteElo "2403"]
[BlackElo "2318"]
[WhiteTeam "Switzerland"]
[BlackTeam "Slovenia 2"]
[WhiteFideId "1330110"]
[BlackFideId "14613921"]
[EventDate "2021.11.12"]

1. d4 Nf6 2. c4 g6 3. Nc3 Bg7 4. e4 d6 5. Nf3 O-O 6. Be2 e5 7. O-O Bg4 8. d5 a5
9. Be3 Na6 10. a3 Bd7 11. Nd2 h5 12. f3 Nh7 13. Kh1 f5 14. Rg1 f4 15. Bf2 g5 16.
g3 fxg3 17. Rxg3 Kh8 18. Be3 Bh6 19. Rb1 b6 20. b4 axb4 21. axb4 Rg8 22. Nf1 h4
23. Rg1 Nf6 24. Bd2 Nh5 25. Ne3 Qf6 26. Ng4 Bxg4 27. Rxg4 Nf4 28. Bf1 Nb8 29.
Nb5 Qf7 30. Qb3 Nh5 31. Bh3 Nf6 32. Rgg1 g4 33. Bxh6 gxh3 34. Qe3 Nh5 35. Rxg8+
Qxg8 36. Rg1 Ra1 37. Bg5 Rxg1+ 38. Qxg1 Ng3+ 39. hxg3 Qxg5 40. gxh4 Qxh4 41.
Nxc7 Nd7 42. Ne6 Qh6 43. Qg5 Qxg5 44. Nxg5 Kg7 45. Ne6+ Kf6 46. Kh2 Nb8 47. Kxh3
Na6 48. b5 Nb8 49. Nd8 Nd7 50. Nc6 Nc5 51. Na7 Ke7 52. Nc6+ Kd7 53. Kg4 Nb3 54.
f4 exf4 55. Kxf4 Nd2 56. e5 dxe5+ 57. Nxe5+ Kd6 58. Ke3 Nb3 59. Nd3 Ke7 60. Nf2
Kd6 61. Kd3 Nc5+ 62. Kd4 Nb3+ 63. Kc3 Nc5 64. Nd3 Ne4+ 65. Kd4 Nd2 66. Ne1 Nb3+
67. Kc3 Nc5 68. Nf3 Ne4+ 69. Kd4 Ng3 70. Nd2 Ne2+ 71. Ke3 Nc1 72. Ne4+ Kc7 73.
Kd2 Nb3+ 74. Kc3 Nc1 75. Kd2 Nb3+ 76. Kc3 Nc1 77. Ng3 Kd6 78. Kc2 Na2 79. Ne4+
Ke5 80. d6 Ke6 81. Kb2 Nb4 82. Kc3 Na2+ 83. Kd4 Nc1 84. c5 bxc5+ 85. Kxc5 Nb3+
86. Kc4 Na5+ 87. Kb4 1-0

[Event "23rd European Teams"]
[Site "Terme Catez SLO"]
[Date "2021.11.13"]
[Round "2.17"]
[Board "2"]
[White "Koykka, Pekka"]
[Black "Hjartarson, Johann"]
[Result "0-1"]
[WhiteTitle "FM"]
[BlackTitle "GM"]
[WhiteElo "2353"]
[BlackElo "2483"]
[WhiteTeam "Finland"]
[BlackTeam "Iceland"]
[WhiteFideId "504319"]
[BlackFideId "2300044"]
[EventDate "2021.11.12"]

1. d4 Nf6 2. c4 e6 3. Nc3 Bb4 4. f3 c5 5. d5 d6 6. e4 exd5 7. cxd5 O-O 8. Ne2
Nbd7 9. Ng3 Re8 10. Be2 a6 11. O-O Rb8 12. Bg5 h6 13. Be3 b5 14. Qd2 c4 15. Nf5
Ne5 16. g4 Ba5 17. Bd4 Bb6 18. b4 Bxf5 19. gxf5 Nd3 20. Bxb6 Qxb6+ 21. Kg2 Nxb4
22. a3 Nd3 23. Bxd3 cxd3 24. Qxd3 Rbc8 25. Rfc1 Nd7 26. Ne2 Qd8 27. Qe3 Rxc1 28.
Rxc1 Ne5 29. Rc3 Nc4 30. Qd4 Qh4 31. Ng3 Qg5 32. Kf2 h5 33. Qd1 g6 34. Qc1 Qxc1
35. Rxc1 h4 36. Ne2 gxf5 37. exf5 Re5 38. Nc3 Rxf5 39. a4 Ne5 40. Ke2 bxa4 41.
Ne4 Rxf3 42. Nxd6 Rh3 43. Rc8+ Kh7 44. Ra8 Rxh2+ 45. Kf1 a3 0-1

[Event "23rd European Teams"]
[Site "Terme Catez SLO"]
[Date "2021.11.13"]
[Round "2.17"]
[Board "4"]
[White "Kokkila, Tero"]
[Black "Kjartansson, Gudmundur"]
[Result "1/2-1/2"]
[WhiteTitle "FM"]
[BlackTitle "GM"]
[WhiteElo "2283"]
[BlackElo "2443"]
[WhiteTeam "Finland"]
[BlackTeam "Iceland"]
[WhiteFideId "501352"]
[BlackFideId "2301318"]
[EventDate "2021.11.12"]

1. e4 e6 2. d4 d5 3. Nc3 Nf6 4. Bg5 dxe4 5. Nxe4 Be7 6. Bxf6 gxf6 7. Nf3 f5 8.
Ned2 c5 9. Nc4 Nc6 10. dxc5 Bxc5 11. Qxd8+ Kxd8 12. c3 Bd7 13. Be2 Ke7 14. O-O
Rhc8 15. Rfe1 b5 16. Nce5 Nxe5 17. Nxe5 Be8 18. a3 a5 19. Bf3 Rab8 20. Nd3 Bd6
21. g3 Kf6 22. Rad1 Rb6 23. Rd2 Bf8 24. Red1 Bh6 25. Nf4 Bxf4 26. gxf4 b4 27.
Rd8 Rxd8 28. Rxd8 bxc3 29. bxc3 Ke7 30. Ra8 a4 31. Ra7+ Kd6 32. h4 Rb3 33. Bh5
Rxc3 34. Bxf7 Bd7 35. h5 Rxa3 36. Kg2 Bc6+ 37. Kh2 Rf3 38. h6 Rxf2+ 39. Kh3 Rf3+
40. Kh4 Rxf4+ 41. Kg5 Rg4+ 42. Kf6 f4 43. Bh5 Rg8 44. Rxh7 Ra8 45. Re7 Bd7 46.
h7 Rh8 47. Bg4 f3 48. Bxf3 a3 49. Bg4 a2 50. Rxd7+ Kxd7 51. Bxe6+ Kd6 52. Bxa2
Rxh7 53. Bb3 Rh3 54. Bc2 Rf3+ 55. Kg7 Ke7 56. Bh7 Rf7+ 57. Kh8 Kf6 58. Bc2 Rf8+
59. Kh7 Rd8 60. Bb3 Rd7+ 61. Kh8 Kg6 62. Bc2+ Kh6 63. Bb3 Rh7+ 64. Kg8 Rb7 65.
Bc2 Rg7+ 66. Kf8 Rg2 67. Bd3 Rg3 68. Bc2 Rc3 69. Bb1 Rc7 70. Bd3 Kg5 71. Kg8 Kf6
72. Kh8 Kf7 73. Be4 Re7 74. Bc2 Kf8 75. Bd3 Rc7 76. Be4 Rc4 77. Bd3 Rh4+ 78. Bh7
Rg4 79. Bc2 Kf7 80. Bb3+ Kg6 81. Bc2+ Kh6 82. Bb3 Rg7 83. Bc4 Kg6 84. Bd3+ Kf6
85. Bc2 Rc7 86. Bb1 Rc8+ 87. Kh7 Rc1 88. Bd3 Kf7 89. Bg6+ Kf6 90. Bd3 Rd1 91.
Bc2 Rd7+ 92. Kh8 Rd2 93. Be4 Kf7 94. Bb1 Rh2+ 95. Bh7 Kf6 96. Kg8 Rg2+ 97. Kh8
Kf7 98. Bd3 Rg8+ 99. Kh7 Rg4 100. Kh8 Rh4+ 101. Bh7 Kf8 1/2-1/2

[Event "23rd European Teams"]
[Site "Terme Catez SLO"]
[Date "2021.11.13"]
[Round "2.18"]
[Board "1"]
[White "Saraci, Nderim"]
[Black "Pechac, Jergus"]
[Result "0-1"]
[WhiteTitle "IM"]
[BlackTitle "GM"]
[WhiteElo "2486"]
[BlackElo "2562"]
[WhiteTeam "Kosovo"]
[BlackTeam "Slovakia"]
[WhiteFideId "6351921"]
[BlackFideId "14926970"]
[EventDate "2021.11.12"]

1. Nf3 d5 2. g3 Nc6 3. d4 Bf5 4. Bg2 e6 5. O-O Nb4 6. Na3 Nc6 7. c4 Bxa3 8. bxa3
Be4 9. Qa4 Ne7 10. Bd2 O-O 11. Rfc1 Bxf3 12. Bxf3 Nxd4 13. cxd5 Nxf3+ 14. exf3
Nxd5 15. Rab1 b6 16. Qc6 Qf6 17. Kg2 Rad8 18. Bb4 Rfe8 19. Bc3 Qf5 20. Rb2 f6
21. Re2 Qg6 22. Qc4 c5 23. a4 a5 24. Rce1 Qf5 25. Bd2 Kf7 26. g4 Qg6 27. Re4 h5
28. h3 Re7 29. Bf4 hxg4 30. fxg4 Nxf4+ 31. Rxf4 Qd3 32. Qb3 Qxb3 33. axb3 Rd3
34. Rf3 Red7 35. Rfe3 e5 36. h4 R7d4 37. Kg3 Kg6 38. f3 Rd2 39. Rf1 Ra2 40. f4
exf4+ 41. Rxf4 Rg2+ 42. Kxg2 Rxf4 43. Kg3 Rb4 44. Rd3 Kf7 45. h5 Kg8 46. Rf3 Kh7
47. Rd3 Kh6 48. Kh4 g6 49. hxg6 Kxg6 50. Kg3 Rd4 51. Rf3 c4 52. bxc4 Rxc4 53.
Rf4 Rxf4 54. Kxf4 Kf7 55. Ke3 Ke6 56. Ke4 Kd6 57. Kf5 b5 0-1

[Event "23rd European Teams"]
[Site "Terme Catez SLO"]
[Date "2021.11.14"]
[Round "3.1"]
[Board "1"]
[White "Shirov, Alexei"]
[Black "Grischuk, Alexander"]
[Result "1/2-1/2"]
[WhiteTitle "GM"]
[BlackTitle "GM"]
[WhiteElo "2673"]
[BlackElo "2773"]
[WhiteTeam "Spain"]
[BlackTeam "Russia"]
[WhiteFideId "2209390"]
[BlackFideId "4126025"]
[EventDate "2021.11.12"]

1. e4 e5 2. Nf3 Nc6 3. Bb5 Nf6 4. O-O Nxe4 5. d4 Nd6 6. Bxc6 dxc6 7. dxe5 Nf5 8.
Qxd8+ Kxd8 9. h3 Bd7 10. Rd1 Be7 11. Nc3 Kc8 12. g4 Nh4 13. Nxh4 Bxh4 14. Ne4 h6
15. Nc5 Be8 16. e6 b6 17. Nd3 fxe6 18. Re1 Rf8 19. Rxe6 Bf7 20. Re2 Kb7 21. b3
h5 22. Bb2 Bd5 23. Ne5 hxg4 24. hxg4 Bf6 25. c4 Bxe5 26. Bxe5 Bf3 27. Re3 Bxg4
28. Rg3 Bf5 29. Rxg7 Rg8 30. Rxg8 Rxg8+ 31. Kh2 c5 1/2-1/2

[Event "23rd European Teams"]
[Site "Terme Catez SLO"]
[Date "2021.11.14"]
[Round "3.1"]
[Board "2"]
[White "Dubov, Daniil"]
[Black "Anton Guijarro, David"]
[Result "1/2-1/2"]
[WhiteTitle "GM"]
[BlackTitle "GM"]
[WhiteElo "2714"]
[BlackElo "2669"]
[WhiteTeam "Russia"]
[BlackTeam "Spain"]
[WhiteFideId "24126055"]
[BlackFideId "2285525"]
[EventDate "2021.11.12"]

1. e4 c6 2. d4 d5 3. e5 Bf5 4. h4 h5 5. Bd3 Bxd3 6. Qxd3 Qa5+ 7. Nd2 e6 8. Nf3
Nh6 9. O-O Nf5 10. Nb3 Qa6 11. Qd1 b6 12. Bg5 c5 13. dxc5 Bxc5 14. c3 Nc6 15.
Nxc5 bxc5 16. Re1 Rc8 17. b3 Rc7 18. Rc1 Qxa2 19. Ra1 Qb2 20. Bd2 O-O 21. Rb1
Qa2 22. Ra1 Qb2 23. Rb1 Qa2 24. Ra1 Qb2 25. Rb1 1/2-1/2

[Event "23rd European Teams"]
[Site "Terme Catez SLO"]
[Date "2021.11.14"]
[Round "3.1"]
[Board "3"]
[White "Santos Latasa, Jaime"]
[Black "Alekseenko, Kirill"]
[Result "1/2-1/2"]
[WhiteTitle "GM"]
[BlackTitle "GM"]
[WhiteElo "2633"]
[BlackElo "2710"]
[WhiteTeam "Spain"]
[BlackTeam "Russia"]
[WhiteFideId "2293307"]
[BlackFideId "4135539"]
[EventDate "2021.11.12"]

1. Nf3 d5 2. g3 b6 3. c4 dxc4 4. Qa4+ Nd7 5. Bg2 Bb7 6. Qxc4 e6 7. O-O Ngf6 8.
d3 Bd6 9. Qc2 O-O 10. Nc3 c5 11. b3 a6 12. Bb2 b5 13. Rfd1 Qb6 14. Ne4 Be7 15.
Nxf6+ Nxf6 16. Rac1 Rac8 17. e3 Rfd8 18. Qe2 h6 19. Ne5 Bxg2 20. Kxg2 Nd7 21.
Nf3 Qb7 22. Kg1 Bf6 23. Rd2 Bxb2 24. Rxb2 Qd5 25. Rbc2 Nb6 26. Kg2 g5 27. h3
Qxd3 28. Qxd3 Rxd3 29. Rxc5 Rxc5 30. Rxc5 Nd5 31. Rc6 Nb4 32. Rc8+ Kg7 33. a3
Nd5 34. Nd4 Rd2 35. Kf3 h5 36. Rc2 Rxc2 37. Nxc2 f5 38. Ke2 1/2-1/2

[Event "23rd European Teams"]
[Site "Terme Catez SLO"]
[Date "2021.11.14"]
[Round "3.1"]
[Board "4"]
[White "Esipenko, Andrey"]
[Black "Salgado Lopez, Ivan"]
[Result "1/2-1/2"]
[WhiteTitle "GM"]
[BlackTitle "GM"]
[WhiteElo "2713"]
[BlackElo "2609"]
[WhiteTeam "Russia"]
[BlackTeam "Spain"]
[WhiteFideId "24175439"]
[BlackFideId "2257327"]
[EventDate "2021.11.12"]

1. d4 Nf6 2. c4 e6 3. g3 d5 4. Nf3 Be7 5. Bg2 O-O 6. Qc2 c6 7. O-O Nbd7 8. Nbd2
b6 9. e4 Bb7 10. e5 Ne8 11. b3 Nc7 12. Re1 Rc8 13. Bb2 c5 14. Rad1 a5 15. Qb1 h6
16. cxd5 Nxd5 17. dxc5 Nxc5 18. Nd4 a4 19. Ba1 axb3 20. axb3 Ba6 21. Nc4 Nxb3
22. Bxd5 Nxd4 23. Bxd4 Bxc4 24. Bb7 Rb8 25. Bxb6 Rxb7 26. Rxd8 Bxd8 27. Qc2 Bd5
28. Bxd8 Rxd8 29. h3 Rdb8 30. Rc1 Rb2 31. Qd3 R2b3 32. Qd1 Be4 33. Kh2 Rb1 34.
g4 R1b2 35. Qd4 Bd5 36. Rc8+ Rxc8 37. Qxb2 Rc4 38. Qb8+ Kh7 39. Qb1+ Kg8 40.
Qb8+ Kh7 41. Qb1+ 1/2-1/2

[Event "23rd European Teams"]
[Site "Terme Catez SLO"]
[Date "2021.11.14"]
[Round "3.2"]
[Board "1"]
[White "Mamedyarov, Shakhriyar"]
[Black "Nisipeanu, Liviu-Dieter"]
[Result "1-0"]
[WhiteTitle "GM"]
[BlackTitle "GM"]
[WhiteElo "2765"]
[BlackElo "2651"]
[WhiteTeam "Azerbaijan"]
[BlackTeam "Germany"]
[WhiteFideId "13401319"]
[BlackFideId "1202758"]
[EventDate "2021.11.12"]

1. d4 Nf6 2. c4 e6 3. Nf3 d5 4. Nc3 dxc4 5. e4 Bb4 6. Bg5 h6 7. Bxf6 Qxf6 8.
Bxc4 c5 9. e5 Qd8 10. O-O cxd4 11. Ne4 Be7 12. Qe2 Nc6 13. Rfd1 Qa5 14. Ned2 Bd7
15. a3 Bg5 16. b4 Qc7 17. b5 Na5 18. Bd3 Rc8 19. Nxg5 hxg5 20. g3 Ke7 21. Re1 f5
22. Nf3 Nb3 23. Rab1 g4 24. Rxb3 gxf3 25. Qxf3 Qa5 26. Rb4 Qxa3 27. Rxd4 Rc1 28.
Rxc1 Qxc1+ 29. Bf1 Rc8 30. Qxb7 Rc7 31. Qb8 Bc8 32. Ra4 1-0

[Event "23rd European Teams"]
[Site "Terme Catez SLO"]
[Date "2021.11.14"]
[Round "3.2"]
[Board "2"]
[White "Donchenko, Alexander"]
[Black "Radjabov, Teimour"]
[Result "1/2-1/2"]
[WhiteTitle "GM"]
[BlackTitle "GM"]
[WhiteElo "2645"]
[BlackElo "2763"]
[WhiteTeam "Germany"]
[BlackTeam "Azerbaijan"]
[WhiteFideId "24603295"]
[BlackFideId "13400924"]
[EventDate "2021.11.12"]

1. d4 Nf6 2. c4 e6 3. Nc3 Bb4 4. Nf3 c5 5. g3 Ne4 6. Qd3 cxd4 7. Nxd4 Qa5 8. Nb3
Nxc3 9. Nxa5 Ne4+ 10. Bd2 Bxd2+ 11. Qxd2 Nxd2 12. Kxd2 Na6 13. Bg2 Rb8 14. Rhc1
b6 15. Nb3 Bb7 16. Bxb7 Rxb7 17. Nd4 Ke7 18. a3 Rc8 19. b4 Rbc7 20. Nb5 Rb7 21.
Nd4 Rbc7 22. Nb5 Rb7 23. Rc3 d6 24. Rac1 Nb8 25. Rd3 Rd7 26. f4 a6 27. Nd4 Nc6
28. e3 Rdc7 29. Rdc3 g6 30. Nb5 Rd7 31. Nd4 Rdc7 32. Nb5 Rd7 33. Nd4 1/2-1/2